000 00472nam a22001577a 4500
005 20251108163339.0
008 250721s1994 xx 000 0 ara d
082 1 4 _a194/عبد
100 1 _aالعيادى، عبد العزيز
245 1 0 _aميشال فوكو :
_bالمعرفة و السلطة /
264 1 _aبيروت :
_bالمؤسسة الجامعيه،
_c1994.
300 _a144ص
650 1 7 _aالفلسفة الفرنسية
942 _2ddc
_cBK
999 _c395
_d395